000 01224nam a2200325 i 4500
003 OSt
005 20260318093638.0
008 260318s2024 my a gr 000 0 may d
020 _a9786299993803
_cRM 38.00
_qpaperback
040 _aPPAK
_beng
_cPPAK
_erda
082 0 4 _223
_a297.8042
090 0 0 _a297.8042
_bMAK
_dG
100 0 _aMakmor Tumin,
_d1967-
_eauthor.
245 1 0 _aASAL MULA AKIDAH DAN POLITIK ALIRAN SUNNI & SYIAH /
_cMAKMOR TUMIN, MOHD KHAIRUL NAIM BIN CHE NORDIN, DZULFAIDHI HAKIMIE DZULRAIDI, MOHAMAD EHSAN SEBRI ; Penyunting: Siti Norasikin Abd Wahab
264 1 _aPetaling Jaya, Selangor :
_bHIKMAH PUBLISHING,
_c[2025]
300 _aviii, 153 pages :
_billustrations ;
_c23 cm
336 _atext
_2rdacontent
337 _aunmediated
_2rdamedia
338 _avolume
_2rdacarrier
504 _aIncludes bibliographical references pages
650 1 0 _aIslamic sects
650 2 0 _aSunnites
650 2 0 _aShiites
650 2 0 _aFaith (Islam)
700 0 _aMohd Khairul Naim Che Nordin,
_d1984-
_eauthor.
700 0 _aDzulfaidhi Hakimie Dzulraidi,
_eauthor.
700 0 _aMohamad Ehsan Sebri,
_eauthor.
700 0 _aSiti Norasikin Abd Wahab,
_eeditor.
942 _2ddc
_cB
999 _c203468
_d203468